[Event "10th Amsterdam Science Park"]
[Site "Amsterdam"]
[Date "2022.07.18"]
[Round "1"]
[White "Tan, Kevin"]
[Black "Straat, Evert-Jan"]
[Result "1-0"]
[Board "10"]
[WhiteElo "2209"]
[WhiteCountry "NED"]
[WhiteFideId "1010280"]
[WhiteEloChange "4"]
[BlackElo "1992"]
[BlackCountry "NED"]
[BlackFideId "1001418"]
[BlackEloChange "-4"]

1. d4 {[%clk 1:30:57]} d5 {[%clk 1:30:43]} 2. c4 {[%clk 1:31:04]} e6 {[%clk
1:31:04]} 3. Nf3 {[%clk 1:31:18]} Nf6 {[%clk 1:30:55]} 4. Bf4 {[%clk 1:30:35]} c5
{[%clk 1:27:49]} 5. Nc3 {[%clk 1:30:20]} a6 {[%clk 1:24:47]} 6. Rc1 {[%clk
1:27:18]} Nc6 {[%clk 1:13:53]} 7. e3 {[%clk 1:24:35]} cxd4 {[%clk 1:07:03]} 8.
Nxd4 {[%clk 1:17:54]} Qb6 {[%clk 0:53:44]} 9. Nb3 {[%clk 1:07:26]} Bb4 {[%clk
0:46:58]} 10. a3 {[%clk 1:00:51]} Be7 {[%clk 0:36:12]} 11. c5 {[%clk 0:52:55]}
Qd8 {[%clk 0:34:13]} 12. Bd3 {[%clk 0:48:34]} e5 {[%clk 0:31:54]} 13. Bg3 {[%clk
0:45:14]} Be6 {[%clk 0:31:07]} 14. O-O {[%clk 0:39:29]} O-O {[%clk 0:24:01]} 15.
Bc2 {[%clk 0:34:56]} b6 {[%clk 0:14:05]} 16. cxb6 {[%clk 0:33:23]} Qxb6 {[%clk
0:14:25]} 17. Na4 {[%clk 0:33:36]} Qb5 {[%clk 0:13:31]} 18. Nac5 {[%clk 0:33:20]}
Bg4 {[%clk 0:12:39]} 19. f3 {[%clk 0:33:18]} Bh5 {[%clk 0:12:30]} 20. Bd3 {[%clk
0:32:11]} Qb6 {[%clk 0:11:27]} 21. Na4 {[%clk 0:32:01]} Qb7 {[%clk 0:10:27]} 22.
Nbc5 {[%clk 0:31:56]} Bxc5 {[%clk 0:07:49]} 23. Nxc5 {[%clk 0:31:47]} Qb6 {[%clk
0:03:54]} 24. b4 {[%clk 0:31:22]} Bg6 {[%clk 0:04:07]} 25. Be2 {[%clk 0:29:29]}
Rfd8 {[%clk 0:04:10]} 26. Bf2 {[%clk 0:26:13]} d4 {[%clk 0:02:37]} 27. e4 {[%clk
0:25:18]} Nd7 {[%clk 0:02:43]} 28. Qa4 {[%clk 0:23:03]} Nxc5 {[%clk 0:01:28]} 29.
Rxc5 {[%clk 0:23:23]} 1-0

[Event "10th Amsterdam Science Park"]
[Site "Amsterdam"]
[Date "2022.07.19"]
[Round "2"]
[White "Zwirs, Nico"]
[Black "Bullen, Alex"]
[Result "1-0"]
[Board "1"]
[WhiteTitle "IM"]
[WhiteElo "2485"]
[WhiteCountry "NED"]
[WhiteFideId "1036432"]
[WhiteEloChange "1"]
[BlackTitle "CM"]
[BlackElo "2106"]
[BlackCountry "WLS"]
[BlackFideId "1801627"]
[BlackEloChange "-2"]

1. c4 {[%clk 1:30:58]} e6 {[%clk 1:30:43]} 2. g3 {[%clk 1:31:08]} d5 {[%clk
1:31:03]} 3. Bg2 {[%clk 1:31:28]} Nf6 {[%clk 1:31:23]} 4. Nf3 {[%clk 1:31:37]} d4
{[%clk 1:30:26]} 5. O-O {[%clk 1:31:52]} c5 {[%clk 1:30:50]} 6. e3 {[%clk
1:32:08]} Nc6 {[%clk 1:31:12]} 7. exd4 {[%clk 1:32:31]} cxd4 {[%clk 1:31:33]} 8.
d3 {[%clk 1:32:52]} h6 {[%clk 1:30:03]} 9. Re1 {[%clk 1:32:30]} Bd6 {[%clk
1:26:28]} 10. Na3 {[%clk 1:32:54]} O-O {[%clk 1:24:25]} 11. Rb1 {[%clk 1:30:30]}
Re8 {[%clk 1:19:55]} 12. Bd2 {[%clk 1:23:05]} e5 {[%clk 1:17:45]} 13. b4 {[%clk
1:23:27]} Bf5 {[%clk 1:12:20]} 14. Rb3 {[%clk 1:17:00]} Qd7 {[%clk 1:04:07]} 15.
c5 {[%clk 1:15:01]} Bc7 {[%clk 1:03:59]} 16. Nc4 {[%clk 1:09:30]} e4 {[%clk
1:02:01]} 17. dxe4 {[%clk 1:07:39]} Nxe4 {[%clk 0:57:47]} 18. b5 {[%clk 0:59:22]}
Nd8 {[%clk 0:52:45]} 19. Bb4 {[%clk 0:59:30]} Qxb5 {[%clk 0:35:14]} 20. Nxd4
{[%clk 0:52:25]} Qxc4 {[%clk 0:33:08]} 21. Nxf5 {[%clk 0:52:40]} Nf6 {[%clk
0:25:47]} 22. Rxe8+ {[%clk 0:49:26]} Nxe8 {[%clk 0:26:10]} 23. Bd5 {[%clk
0:30:31]} Qa6 {[%clk 0:26:16]} 24. Qg4 {[%clk 0:28:05]} Qf6 {[%clk 0:21:49]} 25.
Re3 {[%clk 0:24:35]} Ne6 {[%clk 0:18:59]} 26. Bc3 {[%clk 0:22:17]} Qg5 {[%clk
0:18:49]} 27. Bxe6 {[%clk 0:18:27]} fxe6 {[%clk 0:18:05]} 28. Qxg5 {[%clk
0:18:52]} hxg5 {[%clk 0:18:24]} 29. Rxe6 {[%clk 0:19:21]} Rd8 {[%clk 0:15:46]}
30. Re7 {[%clk 0:18:50]} g6 {[%clk 0:13:46]} 31. Nh6+ {[%clk 0:19:02]} Kf8 {[%clk
0:14:11]} 32. Rf7# {[%clk 0:19:28]} 1-0

[Event "10th Amsterdam Science Park"]
[Site "Amsterdam"]
[Date "2022.07.19"]
[Round "2"]
[White "Schagen, Walt"]
[Black "Van Delft, Merijn"]
[Result "0-1"]
[Board "2"]
[WhiteElo "2107"]
[WhiteCountry "NED"]
[WhiteFideId "1032240"]
[WhiteEloChange "-3"]
[BlackTitle "IM"]
[BlackElo "2383"]
[BlackCountry "NED"]
[BlackFideId "1004670"]
[BlackEloChange "3"]

1. e4 {[%clk 1:30:57]} c5 {[%clk 1:30:52]} 2. Nf3 {[%clk 1:31:22]} d6 {[%clk
1:31:05]} 3. d4 {[%clk 1:31:43]} cxd4 {[%clk 1:31:28]} 4. Nxd4 {[%clk 1:32:09]}
Nf6 {[%clk 1:31:49]} 5. Nc3 {[%clk 1:32:30]} a6 {[%clk 1:32:12]} 6. h3 {[%clk
1:32:39]} e6 {[%clk 1:29:41]} 7. g4 {[%clk 1:32:52]} Nfd7 {[%clk 1:30:01]} 8. g5
{[%clk 1:29:03]} b5 {[%clk 1:28:55]} 9. Bg2 {[%clk 1:17:05]} Bb7 {[%clk 1:29:13]}
10. O-O {[%clk 1:16:16]} Nc6 {[%clk 1:24:46]} 11. a4 {[%clk 1:12:15]} b4 {[%clk
1:21:10]} 12. Nce2 {[%clk 1:08:04]} Nxd4 {[%clk 1:15:50]} 13. Qxd4 {[%clk
1:02:01]} a5 {[%clk 1:14:35]} 14. c3 {[%clk 1:01:31]} Nc5 {[%clk 1:10:21]} 15.
Qe3 {[%clk 0:46:33]} bxc3 {[%clk 0:59:10]} 16. bxc3 {[%clk 0:41:42]} Be7 {[%clk
0:55:43]} 17. Nd4 {[%clk 0:39:43]} O-O {[%clk 0:52:15]} 18. Rd1 {[%clk 0:38:19]}
Ra6 {[%clk 0:44:29]} 19. c4 {[%clk 0:37:43]} Qa8 {[%clk 0:40:08]} 20. Nb5 {[%clk
0:27:29]} Rc8 {[%clk 0:37:32]} 21. f3 {[%clk 0:26:08]} e5 {[%clk 0:31:38]} 22. h4
{[%clk 0:25:02]} Ne6 {[%clk 0:31:30]} 23. Bh3 {[%clk 0:23:05]} d5 {[%clk
0:23:30]} 24. Ba3 {[%clk 0:17:08]} d4 {[%clk 0:22:12]} 25. Qb3 {[%clk 0:14:05]}
Bxa3 {[%clk 0:20:56]} 26. Qxa3 {[%clk 0:12:12]} Rxc4 {[%clk 0:10:11]} 27. Qe7
{[%clk 0:11:19]} Nf4 {[%clk 0:09:51]} 28. Bf1 {[%clk 0:11:25]} Re6 {[%clk
0:07:59]} 29. Qa3 {[%clk 0:08:50]} Rcc6 {[%clk 0:07:51]} 30. Rac1 {[%clk
0:08:48]} Qd8 {[%clk 0:07:37]} 31. Qb3 {[%clk 0:06:15]} h6 {[%clk 0:05:49]} 32.
Bc4 {[%clk 0:06:31]} hxg5 {[%clk 0:04:25]} 33. h5 {[%clk 0:06:02]} g4 {[%clk
0:03:42]} 34. Bxe6 {[%clk 0:04:41]} Rxe6 {[%clk 0:03:26]} 35. Nxd4 {[%clk
0:04:38]} Qh4 {[%clk 0:02:00]} 36. Nf5 {[%clk 0:03:47]} Qh3 {[%clk 0:01:40]} 37.
Rd2 {[%clk 0:03:20]} Ba6 {[%clk 0:00:47]} 38. Rh2 {[%clk 0:02:55]} Ne2+ {[%clk
0:00:40]} 39. Kh1 {[%clk 0:02:42]} Qxf3+ {[%clk 0:00:47]} 40. Qxf3 {[%clk
0:03:01]} gxf3 {[%clk 0:01:12]} 41. Rf1 {[%clk 0:02:19]} Bd3 {[%clk 0:28:29]} 42.
Rh4 {[%clk 0:27:08]} Nf4 {[%clk 0:26:04]} 43. Rf2 {[%clk 0:22:11]} Bxe4 {[%clk
0:24:29]} 44. Nd4 {[%clk 0:22:19]} Rb6 {[%clk 0:20:52]} 45. Kh2 {[%clk 0:21:07]}
exd4 {[%clk 0:16:58]} 46. Rxf4 {[%clk 0:21:24]} f5 {[%clk 0:17:22]} 47. Kg3
{[%clk 0:13:00]} d3 {[%clk 0:14:39]} 48. Rh4 {[%clk 0:06:01]} Kh7 {[%clk
0:13:18]} 49. Kf4 {[%clk 0:06:06]} Rb1 {[%clk 0:10:51]} 50. h6 {[%clk 0:04:22]}
gxh6 {[%clk 0:11:03]} 51. Ke5 {[%clk 0:04:17]} Rb6 {[%clk 0:08:52]} 52. Rfh2
{[%clk 0:04:01]} Kg7 {[%clk 0:08:55]} 53. R4h3 {[%clk 0:04:01]} Kf7 {[%clk
0:08:39]} 54. Rd2 {[%clk 0:03:22]} Re6+ {[%clk 0:08:48]} 55. Kd4 {[%clk 0:03:20]}
Kg6 {[%clk 0:08:22]} 56. Rdh2 {[%clk 0:03:27]} Kg7 {[%clk 0:07:42]} 57. Ke3
{[%clk 0:02:24]} Rg6 {[%clk 0:07:54]} 58. Rd2 {[%clk 0:02:09]} Rg2 {[%clk
0:07:23]} 59. Rh2 {[%clk 0:02:13]} Kg6 {[%clk 0:07:14]} 60. Kf4 {[%clk 0:02:35]}
h5 {[%clk 0:06:31]} 61. Rb2 {[%clk 0:02:59]} Bc6 {[%clk 0:05:47]} 62. Ke3 {[%clk
0:02:29]} h4 {[%clk 0:05:17]} 63. Kxd3 {[%clk 0:01:09]} Kg5 {[%clk 0:05:29]} 64.
Kd4 {[%clk 0:01:14]} Rxb2 {[%clk 0:04:27]} 65. Rxb2 {[%clk 0:01:39]} Kf4 {[%clk
0:04:50]} 66. Ra2 {[%clk 0:00:41]} h3 {[%clk 0:04:57]} 67. Kc5 {[%clk 0:01:01]}
Be4 {[%clk 0:04:58]} 68. Kd4 {[%clk 0:01:26]} Kg3 {[%clk 0:04:52]} 69. Ke3 {[%clk
0:01:51]} h2 {[%clk 0:04:59]} 70. Ra1 {[%clk 0:02:10]} f2 {[%clk 0:05:22]} 0-1

[Event "10th Amsterdam Science Park"]
[Site "Amsterdam"]
[Date "2022.07.19"]
[Round "2"]
[White "Bosboom, Manuel"]
[Black "Bogaard, Milo"]
[Result "1-0"]
[Board "3"]
[WhiteTitle "IM"]
[WhiteElo "2381"]
[WhiteCountry "NED"]
[WhiteFideId "1000080"]
[WhiteEloChange "3"]
[BlackElo "2079"]
[BlackCountry "NED"]
[BlackFideId "1020340"]
[BlackEloChange "-3"]

1. Nf3 {[%clk 1:30:33]} c5 {[%clk 1:30:44]} 2. b3 {[%clk 1:29:32]} Nf6 {[%clk
1:29:29]} 3. Bb2 {[%clk 1:29:11]} g6 {[%clk 1:27:24]} 4. e4 {[%clk 1:21:17]} Bg7
{[%clk 1:25:17]} 5. e5 {[%clk 1:14:59]} Nd5 {[%clk 1:22:40]} 6. h4 {[%clk
1:00:36]} d6 {[%clk 1:03:09]} 7. h5 {[%clk 0:54:22]} Bg4 {[%clk 0:56:58]} 8. Bc4
{[%clk 0:44:58]} e6 {[%clk 0:40:42]} 9. Nc3 {[%clk 0:24:06]} Nxc3 {[%clk
0:32:42]} 10. Bxc3 {[%clk 0:20:22]} dxe5 {[%clk 0:26:52]} 11. h6 {[%clk 0:17:29]}
Bf6 {[%clk 0:27:06]} 12. Qe2 {[%clk 0:16:56]} Nc6 {[%clk 0:20:39]} 13. Bb5 {[%clk
0:16:37]} Qd5 {[%clk 0:17:00]} 14. Qe3 {[%clk 0:15:35]} Bxf3 {[%clk 0:16:07]} 15.
gxf3 {[%clk 0:15:45]} Ke7 {[%clk 0:14:58]} 16. Bxc6 {[%clk 0:15:05]} Qxc6 {[%clk
0:12:10]} 17. Rg1 {[%clk 0:13:09]} Rhd8 {[%clk 0:08:53]} 18. Rg4 {[%clk 0:10:29]}
Rd5 {[%clk 0:07:08]} 19. Re4 {[%clk 0:08:53]} Rad8 {[%clk 0:07:17]} 20. O-O-O
{[%clk 0:09:06]} b5 {[%clk 0:07:10]} 21. d3 {[%clk 0:07:23]} b4 {[%clk 0:06:57]}
22. Bb2 {[%clk 0:07:38]} a5 {[%clk 0:07:09]} 23. Re1 {[%clk 0:07:21]} a4 {[%clk
0:06:54]} 24. f4 {[%clk 0:05:45]} exf4 {[%clk 0:04:37]} 25. Bxf6+ {[%clk
0:06:13]} Kxf6 {[%clk 0:05:00]} 26. Rxf4+ {[%clk 0:05:43]} Rf5 {[%clk 0:03:13]}
27. Qe5+ {[%clk 0:04:17]} Ke7 {[%clk 0:03:36]} 28. Rxf5 {[%clk 0:04:42]} gxf5
{[%clk 0:04:01]} 29. Qxf5 {[%clk 0:04:06]} axb3 {[%clk 0:03:49]} 30. Qg5+ {[%clk
0:03:49]} Ke8 {[%clk 0:03:49]} 31. axb3 {[%clk 0:04:09]} Qd6 {[%clk 0:00:54]} 32.
Re4 {[%clk 0:03:01]} Qa6 {[%clk 0:00:37]} 33. Qxc5 {[%clk 0:01:39]} Rc8 {[%clk
0:00:38]} 34. Qd4 {[%clk 0:01:21]} Qa3+ {[%clk 0:00:47]} 35. Kd2 {[%clk 0:01:17]}
Qa2 {[%clk 0:00:32]} 36. Qh8+ {[%clk 0:01:35]} 1-0

[Event "10th Amsterdam Science Park"]
[Site "Amsterdam"]
[Date "2022.07.19"]
[Round "2"]
[White "Pronk, Sven"]
[Black "Blom, Vincent"]
[Result "0-1"]
[Board "4"]
[WhiteElo "2105"]
[WhiteCountry "NED"]
[WhiteFideId "1051555"]
[WhiteEloChange "-4"]
[BlackTitle "FM"]
[BlackElo "2325"]
[BlackCountry "NED"]
[BlackFideId "1014358"]
[BlackEloChange "4"]

1. d4 {[%clk 1:30:57]} Nf6 {[%clk 1:28:32]} 2. Bg5 {[%clk 1:31:14]} e6 {[%clk
1:28:39]} 3. e4 {[%clk 1:31:38]} h6 {[%clk 1:27:40]} 4. Bxf6 {[%clk 1:31:55]}
Qxf6 {[%clk 1:27:54]} 5. Nc3 {[%clk 1:32:20]} Bb4 {[%clk 1:20:58]} 6. Qd3 {[%clk
1:32:33]} e5 {[%clk 1:06:40]} 7. d5 {[%clk 1:24:43]} O-O {[%clk 0:55:00]} 8. Nf3
{[%clk 1:17:42]} d6 {[%clk 0:47:26]} 9. Rg1 {[%clk 1:10:47]} Nd7 {[%clk 0:42:25]}
10. Qe3 {[%clk 0:57:49]} Bc5 {[%clk 0:35:39]} 11. Qd2 {[%clk 0:57:29]} a6 {[%clk
0:34:58]} 12. Be2 {[%clk 0:50:47]} b5 {[%clk 0:28:56]} 13. g4 {[%clk 0:46:26]}
Qf4 {[%clk 0:27:05]} 14. g5 {[%clk 0:35:35]} hxg5 {[%clk 0:23:18]} 15. Rxg5
{[%clk 0:32:12]} Qxd2+ {[%clk 0:21:57]} 16. Nxd2 {[%clk 0:31:20]} Nf6 {[%clk
0:20:44]} 17. Bf3 {[%clk 0:22:34]} g6 {[%clk 0:18:23]} 18. Ke2 {[%clk 0:21:37]}
Kg7 {[%clk 0:18:41]} 19. h4 {[%clk 0:16:33]} Rh8 {[%clk 0:17:23]} 20. Rh1 {[%clk
0:16:40]} Bd7 {[%clk 0:13:57]} 21. Nd1 {[%clk 0:07:32]} Rh6 {[%clk 0:13:01]} 22.
Rg2 {[%clk 0:03:12]} Rah8 {[%clk 0:12:59]} 23. Rgh2 {[%clk 0:03:41]} Kf8 {[%clk
0:12:38]} 24. Ne3 {[%clk 0:01:37]} Bxe3 {[%clk 0:10:48]} 25. Kxe3 {[%clk
0:01:31]} g5 {[%clk 0:11:12]} 26. Nf1 {[%clk 0:00:39]} gxh4 {[%clk 0:10:28]} 27.
Ke2 {[%clk 0:00:47]} c6 {[%clk 0:09:58]} 28. Ne3 {[%clk 0:00:40]} cxd5 {[%clk
0:10:15]} 29. Nxd5 {[%clk 0:00:41]} Nxd5 {[%clk 0:10:04]} 30. exd5 {[%clk
0:01:11]} Bf5 {[%clk 0:09:09]} 31. Rc1 {[%clk 0:01:14]} Ke7 {[%clk 0:08:51]} 32.
c4 {[%clk 0:00:42]} Rc8 {[%clk 0:09:12]} 33. b3 {[%clk 0:01:06]} h3 {[%clk
0:09:08]} 34. Kd2 {[%clk 0:01:21]} Rh4 {[%clk 0:09:20]} 35. cxb5 {[%clk 0:01:19]}
Rd4+ {[%clk 0:09:42]} 0-1

[Event "10th Amsterdam Science Park"]
[Site "Amsterdam"]
[Date "2022.07.19"]
[Round "2"]
[White "Van Baar, Esper"]
[Black "Brouwer, Rein"]
[Result "0-1"]
[Board "5"]
[WhiteTitle "FM"]
[WhiteElo "2281"]
[WhiteCountry "NED"]
[WhiteFideId "1049321"]
[WhiteEloChange "-15"]
[BlackElo "2076"]
[BlackCountry "NED"]
[BlackFideId "1046195"]
[BlackEloChange "15"]

1. e4 {[%clk 1:30:39]} c6 {[%clk 1:30:44]} 2. Nc3 {[%clk 1:31:02]} d5 {[%clk
1:31:02]} 3. Nf3 {[%clk 1:30:53]} dxe4 {[%clk 1:31:06]} 4. Nxe4 {[%clk 1:31:17]}
Nf6 {[%clk 1:31:08]} 5. Qe2 {[%clk 1:31:25]} Nxe4 {[%clk 1:31:24]} 6. Qxe4 {[%clk
1:31:40]} Qa5 {[%clk 1:31:01]} 7. c3 {[%clk 1:29:36]} Bf5 {[%clk 1:31:03]} 8. Qf4
{[%clk 1:27:22]} e6 {[%clk 1:31:11]} 9. d4 {[%clk 1:26:50]} Nd7 {[%clk 1:30:45]}
10. Be2 {[%clk 1:23:20]} Be7 {[%clk 1:30:21]} 11. O-O {[%clk 1:22:01]} O-O {[%clk
1:28:01]} 12. a4 {[%clk 1:16:08]} Nf6 {[%clk 1:25:11]} 13. b4 {[%clk 1:06:11]}
Qd8 {[%clk 1:24:45]} 14. a5 {[%clk 1:05:57]} Bd6 {[%clk 1:11:18]} 15. Qd2 {[%clk
1:02:37]} Qc7 {[%clk 0:59:46]} 16. Qb2 {[%clk 1:00:42]} Nd5 {[%clk 0:56:20]} 17.
g3 {[%clk 0:59:24]} b5 {[%clk 0:52:09]} 18. Re1 {[%clk 0:51:14]} Bg4 {[%clk
0:46:44]} 19. Bd2 {[%clk 0:48:43]} h5 {[%clk 0:46:06]} 20. Kg2 {[%clk 0:46:10]}
Rfe8 {[%clk 0:41:43]} 21. Bd3 {[%clk 0:37:47]} Bxf3+ {[%clk 0:32:43]} 22. Kxf3
{[%clk 0:38:11]} e5 {[%clk 0:32:50]} 23. Kg2 {[%clk 0:37:47]} Rab8 {[%clk
0:28:30]} 24. Re2 {[%clk 0:34:38]} exd4 {[%clk 0:27:45]} 25. cxd4 {[%clk
0:31:58]} Rxe2 {[%clk 0:24:01]} 26. Bxe2 {[%clk 0:32:14]} Qe7 {[%clk 0:23:24]}
27. Bxh5 {[%clk 0:31:09]} Bxb4 {[%clk 0:21:31]} 28. Re1 {[%clk 0:28:08]} Qd6
{[%clk 0:21:23]} 29. Bxb4 {[%clk 0:27:48]} Nxb4 {[%clk 0:19:53]} 30. Qb3 {[%clk
0:18:17]} Qd5+ {[%clk 0:18:31]} 31. Qxd5 {[%clk 0:18:19]} Nxd5 {[%clk 0:17:41]}
32. Bd1 {[%clk 0:18:08]} Kf8 {[%clk 0:15:23]} 33. Bb3 {[%clk 0:18:05]} Rd8 {[%clk
0:15:34]} 34. Re4 {[%clk 0:16:27]} Nc3 {[%clk 0:14:04]} 35. Rf4 {[%clk 0:04:52]}
Nd5 {[%clk 0:14:12]} 36. Rh4 {[%clk 0:11:58]} Ke7 {[%clk 0:13:41]} 37. Re4+
{[%clk 0:08:47]} Kf8 {[%clk 0:09:54]} 38. Kf3 {[%clk 0:08:38]} Nf6 {[%clk
0:10:10]} 39. Rf4 {[%clk 0:08:15]} c5 {[%clk 0:09:50]} 40. Ke2 {[%clk 0:00:33]}
c4 {[%clk 0:09:33]} 41. Ba2 {[%clk 0:25:25]} Nd5 {[%clk 0:36:42]} 42. Rf3 {[%clk
0:25:52]} Nb4 {[%clk 0:36:31]} 43. Bb1 {[%clk 0:25:37]} Rxd4 {[%clk 0:35:40]} 44.
Bg6 {[%clk 0:22:44]} Rd7 {[%clk 0:35:02]} 45. Bf5 {[%clk 0:23:07]} Re7+ {[%clk
0:34:49]} 46. Kd2 {[%clk 0:23:32]} Nd5 {[%clk 0:34:38]} 47. Bc8 {[%clk 0:22:46]}
b4 {[%clk 0:34:25]} 48. Ba6 {[%clk 0:23:03]} Re4 {[%clk 0:27:52]} 49. Rf5 {[%clk
0:21:31]} Rd4+ {[%clk 0:28:05]} 50. Kc1 {[%clk 0:19:45]} b3 {[%clk 0:19:53]} 51.
Rf3 {[%clk 0:03:45]} c3 {[%clk 0:15:40]} 52. Bd3 {[%clk 0:00:41]} Nb4 {[%clk
0:15:05]} 53. Be2 {[%clk 0:00:32]} Na2+ {[%clk 0:14:28]} 0-1

[Event "10th Amsterdam Science Park"]
[Site "Amsterdam"]
[Date "2022.07.19"]
[Round "2"]
[White "Labruyere, Roger"]
[Black "Stolwijk, Colin"]
[Result "1/2-1/2"]
[Board "6"]
[WhiteElo "2070"]
[WhiteCountry "NED"]
[WhiteFideId "1059505"]
[WhiteEloChange "5"]
[BlackElo "2277"]
[BlackCountry "NED"]
[BlackFideId "1033743"]
[BlackEloChange "-5"]

1. e4 {[%clk 1:30:15]} c6 {[%clk 1:30:55]} 2. d4 {[%clk 1:30:42]} d5 {[%clk
1:31:20]} 3. e5 {[%clk 1:31:10]} Bf5 {[%clk 1:31:43]} 4. Nd2 {[%clk 1:31:32]} e6
{[%clk 1:31:56]} 5. Nb3 {[%clk 1:31:59]} Nd7 {[%clk 1:32:10]} 6. Nf3 {[%clk
1:32:23]} Qc7 {[%clk 1:32:13]} 7. Be2 {[%clk 1:29:52]} c5 {[%clk 1:32:21]} 8. Be3
{[%clk 1:28:30]} c4 {[%clk 1:29:05]} 9. Nc1 {[%clk 1:21:58]} h6 {[%clk 1:26:28]}
10. O-O {[%clk 1:22:18]} Ne7 {[%clk 1:25:47]} 11. Nh4 {[%clk 1:16:42]} Be4 {[%clk
1:23:37]} 12. f3 {[%clk 1:14:47]} Bh7 {[%clk 1:18:05]} 13. f4 {[%clk 1:15:05]}
O-O-O {[%clk 1:13:51]} 14. c3 {[%clk 1:09:57]} Nc6 {[%clk 1:06:44]} 15. b3 {[%clk
0:55:41]} Be7 {[%clk 1:07:08]} 16. Bf2 {[%clk 0:55:54]} Ba3 {[%clk 1:03:55]} 17.
Qd2 {[%clk 0:53:30]} b5 {[%clk 1:03:59]} 18. f5 {[%clk 0:46:49]} exf5 {[%clk
0:59:51]} 19. Bg3 {[%clk 0:46:57]} f4 {[%clk 0:59:39]} 20. Bxf4 {[%clk 0:44:58]}
g5 {[%clk 0:59:29]} 21. e6 {[%clk 0:45:20]} gxf4 {[%clk 0:58:30]} 22. exd7+
{[%clk 0:45:45]} Kb7 {[%clk 0:53:44]} 23. bxc4 {[%clk 0:32:42]} bxc4 {[%clk
0:53:35]} 24. Bg4 {[%clk 0:24:27]} Rhg8 {[%clk 0:38:30]} 25. Bf5 {[%clk 0:23:16]}
Bxf5 {[%clk 0:38:28]} 26. Nxf5 {[%clk 0:23:44]} Qxd7 {[%clk 0:34:44]} 27. Qxf4
{[%clk 0:24:01]} Ka8 {[%clk 0:28:18]} 28. Ne2 {[%clk 0:23:13]} Rde8 {[%clk
0:27:15]} 29. Qf3 {[%clk 0:21:29]} Rg6 {[%clk 0:25:54]} 30. Rae1 {[%clk 0:15:22]}
Re4 {[%clk 0:16:00]} 31. Neg3 {[%clk 0:14:42]} Rxe1 {[%clk 0:16:15]} 32. Rxe1
{[%clk 0:15:10]} Re6 {[%clk 0:15:40]} 33. Re2 {[%clk 0:13:14]} Rxe2 {[%clk
0:09:09]} 34. Nxe2 {[%clk 0:12:36]} Qe6 {[%clk 0:05:25]} 35. Ne3 {[%clk 0:12:08]}
Ne7 {[%clk 0:05:12]} 36. Nf4 {[%clk 0:11:33]} Qe4 {[%clk 0:04:22]} 37. Qxe4
{[%clk 0:07:21]} dxe4 {[%clk 0:04:50]} 38. Nxc4 {[%clk 0:07:40]} Bc1 {[%clk
0:05:13]} 39. Ne2 {[%clk 0:07:23]} Bg5 {[%clk 0:05:36]} 40. Ng3 {[%clk 0:06:40]}
Nd5 {[%clk 0:00:33]} 41. Nxe4 {[%clk 0:05:38]} f5 {[%clk 0:28:33]} 42. Nxg5
{[%clk 0:35:37]} hxg5 {[%clk 0:29:01]} 43. Nd6 {[%clk 0:32:12]} Nxc3 {[%clk
0:29:10]} 44. Nxf5 {[%clk 0:32:33]} Nxa2 {[%clk 0:29:28]} 45. Kf2 {[%clk
0:32:20]} a5 {[%clk 0:26:03]} 46. Nd6 {[%clk 0:30:02]} a4 {[%clk 0:22:47]} 47.
Nc4 {[%clk 0:29:58]} Kb7 {[%clk 0:22:43]} 48. Nb2 {[%clk 0:17:47]} Nc3 {[%clk
0:21:40]} 49. Nxa4 {[%clk 0:17:25]} Nxa4 {[%clk 0:22:08]} 50. Kf3 {[%clk
0:17:51]} Kc6 {[%clk 0:11:45]} 51. Kg4 {[%clk 0:18:15]} Kd5 {[%clk 0:12:12]} 52.
Kxg5 {[%clk 0:18:41]} Kxd4 {[%clk 0:12:37]} 53. h4 {[%clk 0:18:10]} Ke5 {[%clk
0:12:16]} 54. g4 {[%clk 0:17:54]} Nc5 {[%clk 0:11:28]} 55. Kg6 {[%clk 0:17:59]}
Ne6 {[%clk 0:08:50]} 56. g5 {[%clk 0:17:18]} Nf4+ {[%clk 0:08:45]} 57. Kh6 {[%clk
0:17:11]} Kf5 {[%clk 0:08:43]} 58. h5 {[%clk 0:17:31]} Ne6 {[%clk 0:09:01]} 59.
g6 {[%clk 0:17:46]} Kf6 {[%clk 0:09:25]} 60. Kh7 {[%clk 0:17:39]} Nf8+ {[%clk
0:09:39]} 61. Kg8 {[%clk 0:17:58]} 1/2-1/2

[Event "10th Amsterdam Science Park"]
[Site "Amsterdam"]
[Date "2022.07.19"]
[Round "2"]
[White "De Groote, Ewoud"]
[Black "Berrevoets, Jeroen"]
[Result "0-1"]
[Board "7"]
[WhiteElo "2245"]
[WhiteCountry "NED"]
[WhiteFideId "1017870"]
[WhiteEloChange "-15"]
[BlackElo "2064"]
[BlackCountry "NED"]
[BlackFideId "1070681"]
[BlackEloChange "15"]

1. e4 {[%clk 1:30:55]} e6 {[%clk 1:30:34]} 2. d4 {[%clk 1:31:19]} d5 {[%clk
1:31:00]} 3. Nd2 {[%clk 1:31:22]} c5 {[%clk 1:31:11]} 4. exd5 {[%clk 1:31:21]}
Qxd5 {[%clk 1:31:32]} 5. dxc5 {[%clk 1:30:20]} Nf6 {[%clk 1:30:41]} 6. Ngf3
{[%clk 1:28:19]} Qxc5 {[%clk 1:30:10]} 7. Bd3 {[%clk 1:24:01]} Be7 {[%clk
1:30:30]} 8. Qe2 {[%clk 1:20:00]} Nbd7 {[%clk 1:28:51]} 9. O-O {[%clk 1:13:49]}
O-O {[%clk 1:26:10]} 10. Ne4 {[%clk 1:02:51]} Nxe4 {[%clk 1:18:55]} 11. Qxe4
{[%clk 1:03:13]} Nf6 {[%clk 1:15:55]} 12. Qh4 {[%clk 0:58:56]} Rd8 {[%clk
1:11:37]} 13. Be3 {[%clk 0:56:26]} Qh5 {[%clk 1:02:28]} 14. Qxh5 {[%clk 0:54:26]}
Nxh5 {[%clk 1:02:56]} 15. Rfd1 {[%clk 0:52:40]} Nf6 {[%clk 1:01:27]} 16. a4
{[%clk 0:40:34]} h6 {[%clk 0:58:18]} 17. c3 {[%clk 0:35:37]} Nd5 {[%clk 0:56:16]}
18. Bd4 {[%clk 0:35:22]} a6 {[%clk 0:46:56]} 19. Ne5 {[%clk 0:30:17]} Nf4 {[%clk
0:43:48]} 20. Bf1 {[%clk 0:30:20]} f6 {[%clk 0:41:24]} 21. Nc4 {[%clk 0:28:48]}
e5 {[%clk 0:37:40]} 22. Bb6 {[%clk 0:22:18]} Rxd1 {[%clk 0:34:17]} 23. Rxd1
{[%clk 0:22:41]} Be6 {[%clk 0:34:05]} 24. f3 {[%clk 0:10:32]} Rc8 {[%clk
0:33:00]} 25. Na5 {[%clk 0:10:26]} Nd5 {[%clk 0:29:50]} 26. Bf2 {[%clk 0:10:33]}
b6 {[%clk 0:27:33]} 27. c4 {[%clk 0:04:41]} Nc3 {[%clk 0:25:38]} 28. bxc3 {[%clk
0:04:57]} bxa5 {[%clk 0:26:07]} 29. Bb6 {[%clk 0:05:15]} Bc5+ {[%clk 0:21:47]}
30. Bxc5 {[%clk 0:05:38]} Rxc5 {[%clk 0:22:15]} 31. Rd8+ {[%clk 0:02:32]} Kf7
{[%clk 0:22:04]} 32. Bd3 {[%clk 0:02:20]} Ke7 {[%clk 0:18:02]} 33. Rb8 {[%clk
0:01:54]} Kd7 {[%clk 0:14:37]} 34. Rb6 {[%clk 0:01:14]} Rc6 {[%clk 0:12:25]} 35.
c5 {[%clk 0:01:05]} Rxb6 {[%clk 0:12:24]} 36. cxb6 {[%clk 0:01:34]} Kc6 {[%clk
0:12:45]} 37. Bxa6 {[%clk 0:01:51]} Kxb6 {[%clk 0:13:09]} 38. Bb5 {[%clk
0:01:55]} Kc5 {[%clk 0:13:07]} 39. Kf2 {[%clk 0:01:29]} Bc4 {[%clk 0:12:34]} 40.
Be8 {[%clk 0:01:19]} Bd5 {[%clk 0:05:24]} 41. Bb5 {[%clk 0:09:51]} Bc6 {[%clk
0:35:47]} 42. c4 {[%clk 0:09:52]} Bb7 {[%clk 0:36:09]} 43. Ke3 {[%clk 0:09:56]}
Bc8 {[%clk 0:35:40]} 44. g3 {[%clk 0:08:33]} Be6 {[%clk 0:35:56]} 45. Kd3 {[%clk
0:07:25]} Bf5+ {[%clk 0:32:45]} 46. Kc3 {[%clk 0:07:41]} g5 {[%clk 0:31:56]} 47.
Be8 {[%clk 0:07:10]} Bh3 {[%clk 0:25:49]} 48. Bf7 {[%clk 0:03:42]} Bg2 {[%clk
0:25:49]} 49. Bd5 {[%clk 0:03:53]} Bf1 {[%clk 0:26:13]} 50. Be4 {[%clk 0:03:21]}
Be2 {[%clk 0:24:47]} 0-1